[Event "CZE-chT2f 0506"]
[Site "Czech Republic"]
[Date "2006.03.26"]
[Round "10.8"]
[White "Melecky, Jaroslav"]
[Black "Cech, Ludek"]
[Result "1-0"]
[WhiteElo "2071"]
[BlackElo "2011"]
[PlyCount "81"]
[EventDate "2005.10.16"]
[EventType "team"]
[EventRounds "11"]
[EventCountry "CZE"]
[SourceTitle "EXT 2009"]
[Source "ChessBase"]
[SourceDate "2008.11.26"]
[SourceVersion "1"]
[SourceVersionDate "2008.11.26"]
[SourceQuality "1"]

1. e4 c6 2. d4 d5 3. Nc3 dxe4 4. Nxe4 Nd7 5. Bc4 Ngf6 6. Ng5 e6 7. Qe2 Nb6 8. Bb3 h6 9. N5f3 Qc7 10. Ne5 Bd6 11. Ngf3 0-0 12. 0-0 c5 13. dxc5 Bxc5 14. Bd2 Nbd5 15. c4 Nb4 16. Bc3 b6 17. a3 Na6 18. Bc2 Bb7 19. b4 Bd6 20. Rfe1 Rfd8 21. Rad1 Rac8 22. Bb3 Ne4 23. Ba1 Be7 24. Ng4 Qf4 25. h3 Ng5 26. Nxg5 Qxg5 27. Qe5 Qxe5 28. Nxe5 Rxd1 29. Rxd1 Rd8 30. Rxd8+ Bxd8 31. f3 Bg5 32. Kf2 Bc1 33. Nd3 Bxa3 34. Bc3 Kf8 35. Ke3 f6 36. Ba4 Nb8 37. Kd2 Bc6 38. Bb3 Ke7 39. Ne1 Na6 40. Nc2 Bxb4 41. Nxb4 1-0